Culture générale - Quiz #13 - Statistiques

Statistiques générales
  • Ce quiz a été pris 72 970 fois
  • Le résultat moyen est 9 sur 20
Statistiques - réponses
Question Réponse % Correct
Quel alphabet comprend les lettres Δ, Φ et Ω ? L'alphabet grec
93%
Quel est le nom du méchant dans le film "Le Roi Lion" ? Scar
81%
Si un chat a 9 vies, combien de vies ont 99 chats (au total) ? 891
76%
Quel pays a accueilli la Coupe du Monde de la FIFA en 2022 ? Le Qatar
73%
Selon les paroles de "Vive le vent", à qui souhaite-t-on la bonne année ? Grand-mère
72%
Quel art martial brésilien est à mi-chemin entre la danse et le combat ? La capoeira
54%
Quel groupe compte "Un autre monde" et "Cendrillon" parmi ses succès ? Téléphone
46%
Quelle est la ville la plus proche de l’île d’Alcatraz ? San Francisco
44%
Quel pays était autrefois connu sous le nom de Zaïre ? La République Démocratique du Congo
43%
Quelle est la famille d'oiseaux dont les individus sont les plus petits ? Le colibri
40%
En quoi la sorcière Circé transforma-t-elle l'équipage d'Ulysse ? En cochons
39%
Dans quel pays se trouvent les sources du Tigre et de l’Euphrate ? En Turquie
36%
Quelle abréviation commune est donnée au parti national-socialiste ? Nazi
36%
Quelle entreprise développe le système d’exploitation Android ? Google
34%
Quel péché capital porte également le nom d'acédie ? La paresse
30%
Quelle sauce traditionnelle italienne, dont le nom signifie "enragée", est préparée à base de tomate, d'ail et de piment ? La Sauce arrabbiata
30%
Quel jour vient après le Mardi gras ? Le mercredi des Cendres
26%
Sur quelle personne réelle le comte Dracula est-il censé être basé ? Vlad l'Empaleur
23%
Quelle île était le berceau de la civilisation minoenne ? La Crète
21%
Il existe trois grands types de roches : métamorphiques, sédimentaires et ...? Magmatiques
11%
Aucun quiz correspondant
Distribution des résultats
% des personnes avec chaque résultat
Percentile par nombre de réponses
Votre historique - résultats
Vous n’avez pas pris ce quiz